书目信息 |
| 题名: |
像科学家一样思考
|
|
| 作者: | 赖斯 著 ;李延辉 译 | |
| 分册: | ||
| 出版信息: | 北京 中国工人出版社 2021.10 |
|
| 页数: | 218页 | |
| 开本: | 21cm | |
| 丛书名: | ||
| 单 册: | ||
| 中图分类: | G304 | |
| 科图分类: | ||
| 主题词: | 科学方法论--ke xue fang fa lun | |
| 电子资源: | ||
| ISBN: | 978-7-5008-7600-7 | |
| 000 | 01329nam0 2200277 450 | |
| 001 | 011025154527 | |
| 005 | 20221025154527.0 | |
| 010 | @a978-7-5008-7600-7@dCNY48.00 | |
| 099 | @aCAL 012021081941@aCAL 012021094091 | |
| 100 | @a20201004d2021 em y0chiy50 ea | |
| 101 | 1 | @achi@ceng |
| 102 | @aCN@b110000 | |
| 105 | @ay z 000yy | |
| 106 | @ar | |
| 200 | 1 | @a像科学家一样思考@Axiang ke xue jia yi yang si kao@f(美) 斯坦利·莱斯著@d= Scientifically thinking: how to liberate your mind, solve the world's problems, and embrace the beauty of science@fStanley A. Rice@g李延辉译@zeng |
| 210 | @a北京@c中国工人出版社@d2021.10 | |
| 215 | @a218页@d21cm | |
| 300 | @a万川·好奇心 | |
| 314 | @a责任者规范汉译姓:赖斯 | |
| 330 | @a本书开启一趟科学发现的探险,告诉读者像科学家一样思考的种种优点。全书共分四部分,包括科学的冒险、人猿大脑永流传、大概念、科学在世界上的角色。 | |
| 500 | 10 | @aScientifically thinking : how to liberate your mind, solve the world's problems, and embrace the beauty of science@Ascientifically thinking : how to liberate your mind, solve the world's problems, and embrace the beauty of science@mChinese |
| 606 | 0 | @a科学方法论@Ake xue fang fa lun |
| 690 | @aG304@v5 | |
| 701 | 1 | @a赖斯@Alai si@g(Rice, Stanley A.)@4著 |
| 702 | 0 | @a李延辉@Ali yan hui@4译 |
| 905 | @a河南城建学院图书馆@dG304@eS709 | |
| 像科学家一样思考/(美) 斯坦利·莱斯著= Scientifically thinking: how to liberate your mind, solve the world's problems, and embrace the beauty of science/Stanley A. Rice/李延辉译.-北京:中国工人出版社,2021.10 |
| 218页;21cm |
| 万川·好奇心 |
| ISBN 978-7-5008-7600-7:CNY48.00 |
| 本书开启一趟科学发现的探险,告诉读者像科学家一样思考的种种优点。全书共分四部分,包括科学的冒险、人猿大脑永流传、大概念、科学在世界上的角色。 |
| ● |
| 相关链接 |
|
|
|
正题名:像科学家一样思考
索取号:G304/S709
 
预约/预借
| 序号 | 登录号 | 条形码 | 馆藏地/架位号 | 状态 | 备注 |
| 1 | 1590603 | 215906036 | 社科库409/409社科库 60排7列1层/ [索取号:G304/S709] | 在馆 | |
| 2 | 1590604 | 215906045 | 社科库409/409社科库 60排7列1层/ [索取号:G304/S709] | 在馆 |